Burung-burung bertasbih dan cerita-cerita lain

Bibliographic Details
Format: Book
Published: Batu Caves : PTS Pop Sdn. Bhd. , 2012
Series:Cerita haiwan teladan daripada Al-Quran
Subjects:

MARC

LEADER 00000cam a2200000 7i4500
001 0000187708
005 20140827.0
020 |a 9789674101107 
090 0 0 |a 297.1222   |b CER 
245 0 0 |a Burung-burung bertasbih dan cerita-cerita lain 
260 |a Batu Caves :   |b PTS Pop Sdn. Bhd. ,   |c 2012 
300 |a 70p. :   |b ill. ;   |c 21cm. 
490 0 |a Cerita haiwan teladan daripada Al-Quran 
650 0 0 |a Islamic stories, Malay 
650 0 0 |a Koran stories, Malay 
999 |a 00300037   |b BUKU   |c JUNIOR BOOKS   |e PERPUSTAKAAN KOMUNITI PETALING JAYA 
999 |a 00300038   |b BUKU   |c JUNIOR BOOKS   |e PERPUSTAKAAN KOMUNITI PETALING JAYA 
999 |a 00305318   |b BUKU   |c JUNIOR BOOKS   |e PERPUSTAKAAN KOMUNITI CAW KOTA DAMANSARA